Data Visualization Storytelling Using Data (Record no. 12524)

MARC details
000 -LEADER
fixed length control field 00452nam a22001817a 4500
003 - CONTROL NUMBER IDENTIFIER
control field OSt
008 - FIXED-LENGTH DATA ELEMENTS--GENERAL INFORMATION
fixed length control field 240419b |||||||| |||| 00| 0 eng d
020 ## - INTERNATIONAL STANDARD BOOK NUMBER
International Standard Book Number 9789354643132
082 ## - DEWEY DECIMAL CLASSIFICATION NUMBER
Classification number 001.4226 SRD
100 ## - MAIN ENTRY--PERSONAL NAME
Personal name SRINGESWARA,Sharada
245 ## - TITLE STATEMENT
Title Data Visualization Storytelling Using Data
250 ## - EDITION STATEMENT
Edition statement 1st Ed
260 ## - PUBLICATION, DISTRIBUTION, ETC. (IMPRINT)
Place of publication, distribution, etc New Delhi
Name of publisher, distributor, etc Wiley India
Date of publication, distribution, etc 2024
300 ## - PHYSICAL DESCRIPTION
Extent 283
700 ## - ADDED ENTRY--PERSONAL NAME
Personal name TIWARI,Purvi
700 ## - ADDED ENTRY--PERSONAL NAME
Personal name DINESH KUMAR,U
942 ## - ADDED ENTRY ELEMENTS (KOHA)
Source of classification or shelving scheme Dewey Decimal Classification
Koha item type Text Books
Holdings
Withdrawn status Lost status Source of classification or shelving scheme Damaged status Not for loan Collection code Home library Current library Date acquired Source of acquisition Currency Cost, normal purchase price Bill Number Total Checkouts Full call number Acc. no. / Barcode Date last seen Actual Cost, discounted price Bill Date Koha item type Date last borrowed
    Dewey Decimal Classification     MBA PIET C-LIBRARY PIET C-LIBRARY 06/04/2024 Zafaa Books and Distributors In rupees 909.00 ZBD0010   001.4226 SRD 37160 19/04/2024 659.25 06/04/2024 Reference Books  
    Dewey Decimal Classification     MBA PIET C-LIBRARY PIET C-LIBRARY 06/04/2024 Zafaa Books and Distributors In rupees 909.00 ZBD0010   001.4226 SRD 37161 19/04/2024 659.25 06/04/2024 Text Books  
    Dewey Decimal Classification     MBA PIET C-LIBRARY PIET C-LIBRARY 06/04/2024 Zafaa Books and Distributors In rupees 909.00 ZBD0010   001.4226 SRD 37162 19/04/2024 659.25 06/04/2024 Text Books  
    Dewey Decimal Classification     MBA PIET C-LIBRARY PIET C-LIBRARY 06/04/2024 Zafaa Books and Distributors In rupees 909.00 ZBD0010   001.4226 SRD 37163 19/04/2024 659.25 06/04/2024 Text Books  
    Dewey Decimal Classification     MBA PIET C-LIBRARY PIET C-LIBRARY 06/04/2024 Zafaa Books and Distributors In rupees 909.00 ZBD0010 1 001.4226 SRD 37164 17/09/2025 659.25 06/04/2024 Text Books 03/09/2025
    Dewey Decimal Classification     MBA PIET C-LIBRARY PIET C-LIBRARY 06/04/2024 Zafaa Books and Distributors In rupees 909.00 ZBD0010   001.4226 SRD 37165 19/04/2024 659.25 06/04/2024 Text Books  
    Dewey Decimal Classification     MBA PIET C-LIBRARY PIET C-LIBRARY 06/04/2024 Zafaa Books and Distributors In rupees 909.00 ZBD0010   001.4226 SRD 37166 19/04/2024 659.25 06/04/2024 Text Books  
    Dewey Decimal Classification     MBA PIET C-LIBRARY PIET C-LIBRARY 06/04/2024 Zafaa Books and Distributors In rupees 909.00 ZBD0010   001.4226 SRD 37167 19/04/2024 659.25 06/04/2024 Text Books  
    Dewey Decimal Classification     MBA PIET C-LIBRARY PIET C-LIBRARY 06/04/2024 Zafaa Books and Distributors In rupees 909.00 ZBD0010   001.4226 SRD 37168 19/04/2024 659.25 06/04/2024 Text Books  
    Dewey Decimal Classification     MBA PIET C-LIBRARY PIET C-LIBRARY 06/04/2024 Zafaa Books and Distributors In rupees 909.00 ZBD0010 1 001.4226 SRD 37169 30/07/2024 659.25 06/04/2024 Text Books 13/07/2024

Design & Developed by: PIET Central Library
R70 Miles Stone Pattikalyana Samalkha Panipat 132102
mail ID :- [email protected], Phone No:- 0180-2569700 Ex.216